000 00475cam a2200181ua 4500
020 _c49.75
041 _aeng
_h
082 _a631.5872
_bAYR/LA
100 _aAyres, Quincy claude .
245 _aLand drinage and reclamation /
_cQuincy claude Ayres.
_hTextual Documents
260 _aNew York :
_bMcGraw Hill Book Company ,
_c1956.
300 _a496 ; .
365 _a49.75
504 _a
700 1 _aScoates, Daniels .
942 _cBK
999 _c2683
_d2683